00762nam a2200217 i 450000100060000000300090000600500170001500700030003200800410003510000280007624501030010425000150020726000440022230000220026649000250028870000300031383000300034385200320037399900170040595201220042288402ES-MaACL20250829112157.0t|050104s1972 sp ||||1| spa d1 aLajugie, Joseph.96971114aLas doctrinas económicas / cpor Joseph Lajugie ; adaptación y versión de J. García-Bosch. a[1ª ed.]. aBarcelona, etc. : bOikos-Tau, c[1972] a124 p. ; c18 cm.1 a¿Qué sé? ; v661 aGarcía Bosch, J.9542870 a¿Qué sé?v669181382 aES-MaACLjC-46054 bR.80019 c88402d88402 00104070aATENEOMbATENEOMcDEPO2d2008-01-17eSCl0oC-46054p1092346r2023-02-23 00:00:00w2023-02-23yMONOGRAFIA